000 00920nam a2200301Ia 4500
001 7638
003 IT-RoPAU
008 130308s9999 xx 000 0 und d
040 _aIT-RoPAU
040 _cIT-RoPAU
041 _aINGLESE
100 _aZawadowski Leon
100 _gCodice Aut. SPICS: 4031
245 2 _aA classification of Signs and of Semantic Systems
245 _bSign, Language, Culture - Signe, Langage, Culture
250 _a1a ed.
260 _aPARIS
260 _bMouton
260 _c1970 [1° Ed.:1970 - Ed.Ling.Originale:1965]
300 _a"22 p. (prefazione: no ; testo: 22 [pagine: 28-49])"
500 _aClassificazione dei Segni e sistemi Semantici Segno e Significato Differenze Ecologiche e interne Differenze nelle relazioni Semantiche
650 _aSEMIOLOGIA
650 _eCodice materia Spics: 3251
942 _cBK
957 _71
999 _c40465
_d40465
999 _bSI
999 _g1